UM Logo
Normal view MARC view
  • Outer space

Entry Topical Term

Number of records used in: 1

001 - CONTROL NUMBER

  • control field: 44967

003 - CONTROL NUMBER IDENTIFIER

  • control field: OSt

005 - DATE AND TIME OF LATEST TRANSACTION

  • control field: 20220406153937.0

008 - FIXED-LENGTH DATA ELEMENTS

  • fixed length control field: 220406|| aca||aabn | a|a d

040 ## - CATALOGING SOURCE

  • Original cataloging agency: OSt
  • Transcribing agency: OSt

150 ## - HEADING--TOPICAL TERM

  • Topical term or geographic name entry element: Outer space
  • General subdivision: Exploration.

670 ## - SOURCE DATA FOUND

  • Source citation: Work cat.: (OSt): Kluger, Jeffrey. 44966, The perfectly sane case for life in space/, ©Dec 2015-Mar 2016.